|
|
|
|
| LEADER |
05062nam a22003973i 4500 |
| 001 |
EBC7100909 |
| 003 |
MiAaPQ |
| 005 |
20240729202203.0 |
| 006 |
m o d | |
| 007 |
cr cnu|||||||| |
| 008 |
240729s1974 xx o ||||0 ger d |
| 020 |
|
|
|a 9783428429868
|q (electronic bk.)
|
| 020 |
|
|
|z 9783428029860
|
| 035 |
|
|
|a (MiAaPQ)EBC7100909
|
| 035 |
|
|
|a (Au-PeEL)EBL7100909
|
| 035 |
|
|
|a (OCoLC)1347028323
|
| 040 |
|
|
|a MiAaPQ
|b eng
|e rda
|e pn
|c MiAaPQ
|d MiAaPQ
|
| 100 |
1 |
|
|a Albers, Willi.
|
| 245 |
1 |
0 |
|a Öffentliche Finanzwirtschaft und Verteilung I.
|
| 250 |
|
|
|a 1st ed.
|
| 264 |
|
1 |
|a Berlin :
|b Duncker & Humblot,
|c 1974.
|
| 264 |
|
4 |
|c {copy}1974.
|
| 300 |
|
|
|a 1 online resource (165 pages)
|
| 336 |
|
|
|a text
|b txt
|2 rdacontent
|
| 337 |
|
|
|a computer
|b c
|2 rdamedia
|
| 338 |
|
|
|a online resource
|b cr
|2 rdacarrier
|
| 490 |
1 |
|
|a Schriften des Vereins Für Socialpolitik Series
|
| 505 |
0 |
|
|a Intro -- Vorwort -- Inhaltsverzeichnis -- Gerhard Seiler, Düsseldorf: Vorschläge und Maßnahmen zur breitgestreuten Vermögensbildung in der Bundesrepublik Deutschland -- II. -- 1. Sparprämiengesetz -- 2. Wohnungsbauprämiengesetz -- 3. Steuerbegünstigung des Sparens -- Versicherungs- und Bausparbeiträge -- Summary. Suggestions and measures concerning a widely-spread asset formation in the Federal Republic of Germany -- Andreas Hansen, Wiesbaden: Die Einkommens- und Vermögensverteilung in der Bundesrepublik Deutschland aus statistischer Sicht -- I. Vorbemerkung -- II. Zur Problematik der statistischen Erfassung und Darstellung der Einkommens- und Vermögensverteilung -- 1. Mangelnde Rechtsgrundlagen -- 2. Psychologische Hemmnisse -- 3. Abgrenzungs-, Zuordnungs- und Bewertungsprobleme -- III. Einkommensverteilung -- 1. Verteilung des Volkseinkommens 1950-1970 -- 2. Einkommensverteilung nach den Steuerstatistiken -- 3. Einkommensverteilung nach Haushaltsbefragungen -- a) Mikrozensus -- b) Einkommens- und Verbrauchsstichprobe -- IV. Vermögensverteilung -- 1. Gesamtwirtschaftliche Vermögensbildung -- 2. Vermögensverteilung nach den Steuerstatistiken -- 3. Vermögensverteilung nach der Einkommens- und Verbrauchsstichprobe 1969 -- V. Ausblick -- Übersichten -- Übersicht 1. Statistiken mit Angaben zur Einkommensverteilung -- Übersicht 2. Unterlagen über Einkommensschichtungen aus Veröffentlichungen des Statistischen Bundesamtes -- A. Individualeinkommen -- B. Haushaltseinkommen -- Übersicht 3. Statistiken mit Angaben zur Vermögensverteilung -- Übersicht 4. Unterlagen über Vermögensschichtungen aus Veröffentlichungen des Statistischen Bundesamtes -- Summary. The distribution of income and wealth in the Federal Republic of Germany under statistical aspects -- Hans Fecher, München: Inzidenzprobleme finanzpolitischer Mittel zur Vermögensumverteilung.
|
| 505 |
8 |
|
|a I. Problemstellung -- II. Verteilungsnormen und Vermögensbegriff -- III. Zur Messung von Redistributionseffekten und zur Aussagefähigkeit von Verteilungskriterien -- IV. Inzidenzkonzepte und Umverteilungsprozesse -- V. Probleme eines Erklärungsmodells zur Feststellung der Wirkungen finanzpolitischer Redistributionsmaßnahmen -- 1. Problemstellung und Modellstruktur -- 2. Individuelle Vermögensbildung, Vermögens- und Einkommensverteilung im Prozeßverlauf -- 3. Probleme einer Erklärung des makroökonomischen Verteilungsprozesses -- Summary -- Alois Oberhauser, Freiburg: Erbschafts- und Vermögensbesteuerung als Mittel zur gleichmäßigeren Verteilung des Vermögensbestandes -- I. Problemstellung -- II. Die Problematik der Erbschaftsteuer als verteilungspolitisches Instrument -- a) Begründungen der Erbschaftsteuer und ihrer Reform -- b) Wirkungen auf Vermögensbestand und Vermögensbildung der Erben und des Erblassers -- c) Wirkungen auf die gesamtwirtschaftliche Vermögensbildung und Vermögensverteilung -- d) Wettbewerbs- und Konzentrationseffekte -- e) Zusammenfassung -- III. Vermögensabgaben und gleichmäßigere Vermögensverteilung -- IV. Das Konzept einer realen Erbschaftsteuer -- a) Grundgedanken -- b) Die reale Erbschaftsteuer -- c) Laufende Vermögensabgabe der Aktiengesellschaften -- d) Probleme der Fondsgestaltung -- V. Abschließende Bemerkungen zum Verhältnis zu anderen Vermögensverteilungsplänen -- Summary. Inheritance and property taxation as a means of more evenly distributing the existing assets.
|
| 588 |
|
|
|a Description based on publisher supplied metadata and other sources.
|
| 590 |
|
|
|a Electronic reproduction. Ann Arbor, Michigan : ProQuest Ebook Central, 2024. Available via World Wide Web. Access may be limited to ProQuest Ebook Central affiliated libraries.
|
| 655 |
|
4 |
|a Electronic books.
|
| 776 |
0 |
8 |
|i Print version:
|a Albers, Willi
|t Öffentliche Finanzwirtschaft und Verteilung I.
|d Berlin : Duncker & Humblot,c1974
|z 9783428029860
|
| 797 |
2 |
|
|a ProQuest (Firm)
|
| 830 |
|
0 |
|a Schriften des Vereins Für Socialpolitik Series
|
| 856 |
4 |
0 |
|u https://ebookcentral.proquest.com/lib/matrademy/detail.action?docID=7100909
|z Click to View
|